000 01148cam a2200289ui 4500
001 8387516
003 EG-ScBUE
005 20250723092829.0
008 830203s1967 enka f 001 0 eng
040 _aEG-ScBUE
_beng
_erda
_cEG-ScBUE
_dEG-ScBUE
082 0 4 _222
_a541
_bFIN
100 1 _aFindlay, Alexander,
_d1874-1966,
_eauthor.
_97052
245 1 0 _aPractical physical chemistry /
_cby Alexander Findlay, emeritus professor of chemistry, University of Aberdeen ; revised and edited by J. A. Kitchener, senior lecturer in physical chemistry, Imperial College of Science and Technology, London.
250 _aEighth edition.
264 1 _aLondon :
_bLongmans,
_c1967.
300 _axiii, 364 pages :
_billustrations ;
_c23 cm
336 _2rdacontent
_atext
_btxt
337 _aunmediated
_2rdamedia
_bn
338 _avolume
_bnc
_2rdacarrier
500 _aIncludes Appendices.
500 _aIncludes index.
650 7 _aChemistry, Physical and theoretical.
_97053
_2BUEsh
650 7 _aChemistry, Physical and theoretical
_xLaboratory manuals.
_2BUEsh
655 _vReading book
700 1 _aKitchener, J. A.,
_eeditor.
942 _2ddc
_cBB
999 _c12064
_d12064